| 000 | 00895nam a2200241 i 4500 | ||
|---|---|---|---|
| 001 | 129934 | ||
| 003 | ES-MaACL | ||
| 005 | 20230906193616.0 | ||
| 007 | t| | ||
| 008 | 070712s1936 sp ||||1| spa d | ||
| 080 | _a821.134.2-14"19" | ||
| 100 | 1 |
_aFernández Ardavín, Luis, _d1891-1962 _949469 |
|
| 245 | 1 | 0 |
_aRomance de Lola montes _b: comedia dramática en tres actos en verso, original / _cLuis Fernández Ardavín ; dibujos de Antonio Merlo. |
| 260 |
_aMadrid : _bRibadeneyra, _c1936. |
||
| 300 |
_a110 p. : _bil ; _c16 cm. |
||
| 490 | 1 |
_aLa Farsa ; _v463 |
|
| 500 | _aBiblioteca Jacinto Martínez Lacalle. | ||
| 500 | _aEstrenada el 29 de abril de 1936 en el teatro Español de Madrid, por la compañía de Ana Adamuz. | ||
| 700 | 1 |
_aMerlo, Antonio. _980579 |
|
| 830 | 0 |
_aLa Farsa ; _v463 _9185863 |
|
| 852 |
_aES-MaACL _jE-11874(2) _bR.139032 |
||
| 999 |
_c129934 _d129934 |
||